|
|
|
|
| LEADER |
00000cam a2200000 a 4500 |
| 001 |
vtls011746334 |
| 003 |
SK-MaSNL |
| 005 |
20260301190210.0 |
| 007 |
fb a un a |
| 008 |
240318s2018 xo ff 000 j slo |
| 015 |
|
|
|a SNBK2018
|
| 020 |
|
|
|a 9788018067864
|
| 040 |
|
|
|a SNK
|b slo
|c SNK
|e AACR2
|
| 041 |
0 |
|
|a slo
|
| 044 |
|
|
|a xo
|c SK
|
| 072 |
|
7 |
|a 821.162.4-3
|x Slovenská próza
|2 konspekt
|
| 072 |
|
7 |
|a 821-93
|x Literatúra pre deti a mládež (beletria)
|2 konspekt
|
| 080 |
|
|
|a 821.162.4-32
|2 2001
|
| 080 |
|
|
|a 821-93
|2 2001
|
| 080 |
|
|
|a (0:003.24)
|2 2001
|
| 080 |
|
|
|a (0:82-32)
|2 2011
|
| 100 |
1 |
|
|a Futová, Gabriela,
|d 1971-
|4 aut
|9 100455
|
| 245 |
1 |
0 |
|a Rozruch v škole na Kavuličovej ulici
|h Braillovo písmo
|c Gabriela Futová ; [korektor: Stanislava Húsková]
|
| 260 |
|
|
|a Levoča
|b Slovenská knižnica pre nevidiacich Mateja Hrebendu
|c 2018
|
| 300 |
|
|
|a 1 zv. v Braillovom písme
|c 26 x 31 cm
|
| 520 |
8 |
|
|a Monika ide po prvý raz do školy a hneď zažije veľké dobrodružstvo. Netuší, že jej najvernejší priatelia, dva krásne čierne psy, sa ju vyberú hľadať a cestou povystrájajú neuveriteľné kúsky. Najväčší rozruch však vyvolajú v škole, kam sa im podarí dostať cez plot. Viete si predstaviť ten zmätok, keď sa otvoria dvere do triedy a ukáže sa v nich čierna psia hlava?
|
| 655 |
|
7 |
|a publikácie pre nevidiacich
|2 SNKPH
|9 70695
|
| 655 |
|
7 |
|a publikácie v Braillovom písme
|2 SNKPH
|9 222610
|
| 655 |
|
7 |
|a slovenské príbehy
|2 SNKPH
|9 70494
|
| 655 |
|
7 |
|a publikácie pre deti
|2 SNKPH
|9 70148
|
| 700 |
1 |
|
|a Húsková, Stanislava
|4 pfr
|9 338529
|
| 787 |
0 |
8 |
|i Podľa knihy:
|t Rozruch v škole na Kavuličovej ulici
|d Bratislava : Slovenské pedagogické nakladateľstvo - Mladé letá, 2015
|z 978-80-10-02779-8
|
| 919 |
|
|
|a 978-80-18-06786-4
|
| 958 |
|
|
|a SX
|
| 958 |
|
|
|a LX
|
| 958 |
|
|
|a DB
|
| 999 |
|
|
|c 866639
|d 868569
|
| 952 |
|
|
|a SNK
|b SNK
|y NEVYP
|7 1
|p 17A1333690
|o snkOSB 19185
|i snk2018/14894
|8 0
|0 0
|1 0
|4 0
|d 2018-07-11
|l 0
|r 2026-02-24 05:29:47
|w 2026-02-24
|